000 00469nam a22001697a 4500
999 _c164302
_d164302
005 20190515170832.0
010 _aB-129814
020 _a0195666615
_c595.00
035 _aB-129814
037 _bOxford University Press
082 _a880
245 _aPurdah :
_ban anthology /
_cEunice De Souza
260 _aNew Delhi
_bOxford University Press
_c2004
300 _a552p.
_c22cm(hbk)
700 _aSouza, Eunice de
942 _2ddc
_cEN
_h880
_mB-PUR